000 00595nam a22002297a 4500
003 UA-OsUOA
001 93839
007 ta
008 20130129b un ||||| |||| 00| 0 ukr d
100 _aВале О.
090 _a821.112.5
_bВ15
942 _cBK
040 _aUA-OsUOA
_brus
_cUA-OsUOA
_dUA-OsUOA
245 _aНезаживающие раны памяти
300 _a176 с.
955 _a3
041 _arus
080 _a821.112.5
260 _aМ.
_bПрогресс
_c1985
650 7 _a82 Література. Літературознавство
_2UDC
999 _c380083
_d380083